Normal view
MARC view
- Gaither, Norman Frazier, Greg
Entry Personal Name
001 - CONTROL NUMBER
- control field: 56501
003 - CONTROL NUMBER IDENTIFIER
- control field: NUST
005 - DATE AND TIME OF LATEST TRANSACTION
- control field: 20210628201720.0
008 - FIXED-LENGTH DATA ELEMENTS
- fixed length control field: 210628|| aca||aabn | a|a d
040 ## - CATALOGING SOURCE
- Original cataloging agency: NUST
- Transcribing agency: NUST
100 ## - HEADING--PERSONAL NAME
- Personal name: Gaither, Norman Frazier, Greg
670 ## - SOURCE DATA FOUND
- Source citation: Work cat.: (NUST): Gaither, Norman Frazier, Greg, Production and operations management, 1999
